000 00738nam a2200205 i 4500
001 35776
003 ES-MaACL
005 20250904205328.0
007 t|
008 030214s1966 sp ||||1| spa d
100 1 _aBozal, Valeriano,
_d1940-2023
_9242225
245 1 3 _aEl realismo entre el desarrollo y el subdesarrollo /
_cValeriano Bozal.
260 _aMadrid :
_bCiencia Nueva,
_c[1966]
300 _a208 p., 8 lám. ;
_c20 cm.
490 1 _aColección "Los Complementarios" de Ensayistas Españoles Contemporaneos
650 0 4 _aRealismo (Arte)
_916688
830 0 _aColección "Los Complementarios" de Ensayistas Españoles Contemporaneos
_9229549
852 _aES-MaACL
_jC-31909
_bR.61497
999 _c35776
_d35776